Digital signal processing: A computer based approach (Record no. 28920)

MARC details
000 -LEADER
fixed length control field 01079nam a2200325Ia 4500
003 - CONTROL NUMBER IDENTIFIER
control field OSt
005 - DATE AND TIME OF LATEST TRANSACTION
control field 20220912145324.0
008 - FIXED-LENGTH DATA ELEMENTS--GENERAL INFORMATION
fixed length control field 220909b |||||||| |||| 00| 0 eng d
020 ## - INTERNATIONAL STANDARD BOOK NUMBER
International Standard Book Number 0070601097 (pbk)
037 ## - SOURCE OF ACQUISITION
Terms of availability Textual
040 ## - CATALOGING SOURCE
Original cataloging agency CSL
Language of cataloging eng
Transcribing agency CSL
041 ## - LANGUAGE CODE
Language code of text/sound track or separate title eng
100 ## - MAIN ENTRY--PERSONAL NAME
Personal name Mitra Sanjit K
245 #0 - TITLE STATEMENT
Title Digital signal processing: A computer based approach
250 ## - EDITION STATEMENT
Edition statement 3
260 ## - PUBLICATION, DISTRIBUTION, ETC.
Place of publication, distribution, etc. New York
Name of publisher, distributor, etc. Tata McGraw-Hill Publishing Company Limited
Date of publication, distribution, etc. 2006
300 ## - PHYSICAL DESCRIPTION
Extent xx, 972p. Includes CD-ROM
Dimensions cm.
490 ## - SERIES STATEMENT
Series statement McGraw-Hill series in electrical and computer engineering
500 ## - GENERAL NOTE
General note Bibliography 941-959p.; Index 960-972p.
650 ## - SUBJECT ADDED ENTRY--TOPICAL TERM
Topical term or geographic name entry element Digital techniques-Data processing
650 ## - SUBJECT ADDED ENTRY--TOPICAL TERM
Topical term or geographic name entry element MATLAB
650 ## - SUBJECT ADDED ENTRY--TOPICAL TERM
Topical term or geographic name entry element Digital signal processing
942 ## - ADDED ENTRY ELEMENTS (KOHA)
Classification part D65,494, P6 TD
Koha item type Textual
Source of classification or shelving scheme Colon Classification (CC)
Holdings
Withdrawn status Lost status Damaged status Not for loan Home library Current library Date acquired Source of acquisition Total Checkouts Full call number Barcode Date last seen Price effective from Koha item type
        Central Science Library Central Science Library 2022-09-12 298, 15/03/2007, Educational Book Agency (India)   D65,494 P6 TD SL1379331 2022-09-12 2022-09-12 Textual
Copyright @ Delhi University Library System